Statistics for Trees of Trees and Shrubs II

Click here to take the quiz!

General Stats

  • This quiz has been taken 6 times
    (5 since last reset)
  • The average score is 19 of 50

Answer Stats

Answer% Correct
yellow birch
100%
black walnut
75%
sugar maple
75%
bitternut
50%
bitternut
50%
bitternut
50%
butternut
50%
butternut
50%
ironwood
50%
ironwood
50%
ironwood
50%
manitoba maple
50%
manitoba maple
50%
norway maple
50%
red/silver maple
50%
red/silver maple
50%
speckled alder
50%
sugar maple
50%
white birch
50%
white birch
50%
white elm
50%
white elm
50%
beaked hazel
25%
beaked hazel
25%
beaked hazel
25%
green alder
25%
green alder
25%
green alder
25%
ironwood
25%
manitoba maple
25%
manitoba maple
25%
mountain maple
25%
mountain maple
25%
norway maple
25%
norway maple
25%
norway maple
25%
red/silver maple
25%
shagbark
25%
shagbark
25%
shagbark
25%
speckled alder
25%
speckled alder
25%
striped maple
25%
striped maple
25%
white birch
25%
white birch
25%
white elm
25%
white elm
25%
yellow birch
25%
yellow birch
25%

Score Distribution

Percentile by Number Answered

Percent of People with Each Score

Your Score History

You have not taken this quiz since the last reset